Figure Out the Lyrics (Pierce the Veil) Quiz Stats

 Plays Quiz not verified by Sporcle

Also try: Original Band Aid
Challenge
Share
Tweet
Embed
Score 0/300 Timer 12:00
0 Plays Today
Lyrics % Correct
the
88.8%
and
88.7%
and
88.7%
and
88.7%
the
88.7%
the
88.7%
the
88.7%
the
88.7%
the
88.7%
and
88.7%
the
88.7%
a
88.7%
and
88.7%
the
88.7%
the
88.7%
the
88.7%
the
88.7%
the
88.7%
and
88.7%
the
88.7%
the
88.7%
and
88.7%
and
88.7%
the
88.7%
the
88.7%
and
88.7%
the
88.7%
and
88.7%
and
88.7%
the
88.7%
the
88.7%
the
88.7%
the
88.7%
the
88.7%
and
88.7%
the
88.7%
you
87.5%
you
87.5%
you
87.5%
you
87.5%
you
87.5%
you
87.5%
you
87.5%
you
87.5%
you
87.5%
me
78.3%
me
78.3%
me
78.3%
love
76.2%
love
76.2%
love
76.2%
we
75.7%
we
75.7%
we
75.7%
we
75.7%
we
75.7%
we
75.7%
I
74.4%
I
74.4%
I
74.4%
I
74.4%
I
74.4%
I
74.4%
I
74.4%
I
74.4%
I
74.4%
I
74.4%
I
74.4%
I
74.4%
do
74.3%
be
73.4%
be
73.4%
to
73.1%
to
73.1%
to
73.1%
to
73.1%
on
71.7%
on
71.7%
on
71.7%
on
71.7%
she
70.5%
she
70.5%
she
70.5%
for
70.3%
for
70.3%
so
70.2%
your
70.2%
your
70.2%
your
70.2%
go
70.1%
go
70.1%
go
70.1%
it
69.5%
it
69.5%
it
69.5%
it
69.5%
it
69.5%
can
69%
i'm
68.1%
up
66.2%
Lyrics % Correct
up
66.2%
up
66.2%
up
66.2%
up
66.2%
if
65.8%
if
65.8%
this
65.2%
this
65.2%
this
65.2%
this
65.2%
this
65.2%
this
65.2%
of
65.2%
of
65.2%
of
65.2%
of
65.2%
in
65%
sun
64.9%
sun
64.9%
was
64.9%
sun
64.9%
was
64.9%
sun
64.9%
was
64.9%
one
64%
did
63.7%
did
63.7%
did
63.7%
did
63.7%
where
63.6%
where
63.6%
where
63.6%
as
63.6%
as
63.6%
as
63.6%
as
63.6%
as
63.6%
as
63.6%
you're
63.5%
you're
63.5%
with
62.8%
with
62.8%
with
62.8%
i've
62.4%
don't
62.4%
been
62.2%
been
62.2%
been
62.2%
here
62.1%
here
62.1%
mine
61.7%
mine
61.7%
mine
61.7%
down
61.5%
down
61.5%
down
61.5%
down
61.5%
out
61.5%
out
61.5%
out
61.5%
out
61.5%
by
61.3%
were
61.2%
were
61.2%
night
61%
night
61%
night
61%
going
60.4%
went
60.4%
going
60.4%
went
60.4%
went
60.4%
long
60.2%
what
60.1%
loves
59.8%
over
59.8%
over
59.8%
over
59.8%
high
59.7%
everyone
59.6%
crazy
59.5%
crazy
59.5%
million
59.3%
dad
59.3%
mom
59.3%
can't
59.3%
sits
59.1%
put
59.1%
put
59.1%
put
59.1%
put
59.1%
ended
59%
ended
59%
ended
59%
branches
58.8%
search
58.8%
ground
58.8%
ground
58.8%
ground
58.8%
surrounded
58.4%
Lyrics % Correct
sound
58.3%
sound
58.3%
sound
58.3%
heard
58.1%
control
58.1%
heard
58.1%
control
58.1%
heard
58.1%
control
58.1%
body
58.1%
body
58.1%
body
58.1%
said
58%
said
58%
train
57.8%
train
57.8%
that
57.8%
train
57.8%
shake
57.7%
shake
57.7%
shake
57.7%
screamed
57.4%
screamed
57.4%
screamed
57.4%
know
57.3%
test
57%
test
57%
test
57%
own
56.8%
own
56.8%
own
56.8%
like
56.7%
now
56.2%
now
56.2%
i'll
55.7%
i'll
55.7%
it's
55.5%
windows
55.2%
windows
55.2%
windows
55.2%
darling
55%
just
54.9%
you'll
54.8%
same
54.6%
i'd
54.4%
stay
54.3%
again
54.1%
again
54.1%
you'd
54%
not
53.6%
feel
53.3%
there
53.3%
feel
53.3%
away
53.3%
about
53.2%
okay
53%
take
53%
course
52.7%
but
52.7%
'cause
52.6%
'cause
52.6%
see
52.3%
all
51.8%
past
51.3%
would
51.2%
thinking
51%
make
50.3%
anymore
49.6%
guess
49.5%
official
49.4%
only
49.4%
wasted
49.2%
big
49.1%
beautiful
49%
close
48.9%
deal
48.7%
door
48.6%
years
48.3%
once
48%
alright
47.7%
we've
47.7%
tonight
47.6%
tell
47.3%
ten
47.2%
rather
47%
3
46.9%
1
46.9%
3
46.9%
1
46.9%
2
46.8%
2
46.8%
yes
46%
burned
45.9%
sometimes
45.9%
gets
45.4%
everything's
43.8%
shades
43.8%
band
42%
touring
40.6%
draw
40.4%

You're not logged in!

Compare scores with friends on all Sporcle quizzes.
Join for Free
OR
Log In

You Might Also Like...

Show Comments

Extras

Top Quizzes Today


Score Distribution

Your Account Isn't Verified!

In order to create a playlist on Sporcle, you need to verify the email address you used during registration. Go to your Sporcle Settings to finish the process.

Report this User

Report this user for behavior that violates our Community Guidelines.

Details: